Nuraginna (Record no. 6025)
[ view plain ]
| 000 -LEADER | |
|---|---|
| fixed length control field | 00383nam a22001577a 4500 |
| 005 - DATE AND TIME OF LATEST TRANSACTION | |
| control field | 20250425022552.0 |
| 008 - FIXED-LENGTH DATA ELEMENTS--GENERAL INFORMATION | |
| fixed length control field | 250425b |||||||| |||| 00| 0 eng d |
| 020 ## - INTERNATIONAL STANDARD BOOK NUMBER | |
| ISBN | 9555511640 |
| 082 ## - DDC Classification | |
| Class No. | 891 |
| DDC Edition Number | 22 |
| 100 ## - MAIN ENTRY--PERSONAL NAME | |
| Personal name | Jayakody, Jayasena |
| 245 ## - TITLE STATEMENT | |
| Title | Nuraginna |
| 260 ## - PUBLICATION, DISTRIBUTION, ETC. | |
| Place of publication, distribution, etc. | Colombo |
| Name of publisher, distributor, etc. | Dayawansa Jayakody & Company |
| Date of publication, distribution, etc. | 1998 |
| 300 ## - PHYSICAL DESCRIPTION | |
| Extent (e.g. Volumes, Pages etc.) | 238 p ., |
| 500 ## - GENERAL NOTE | |
| General note | A Sinhala Novel |
| 942 ## - Koha item type (Biblio) | |
| Koha item type | Books in Stacks (Lending) |
| Lost status | Damaged status | Collection code | Home library | Current library | Date acquired | Full call number | Accession Number | Item type |
|---|---|---|---|---|---|---|---|---|
| Lending | WERC Library | WERC Library | 04/25/2025 | 891 | 653 (B) | Books in Stacks (Lending) |
